000 00547nam a2200181 a 4500
001 000037628
005 20200930080458.0
008 121010s2004 gt 000 0 spa d
020 _a9789992211274
040 _aDO-SdBNP
_bspa
_cBNPHU
100 1 _aZak, Mónica
_964092
240 1 0 _aPumans Dotter
_lEspañol
245 1 3 _aLa hija del puma /
_cMónica Zak ; traducción Ana Valdés.
260 _aGuatemala :
_bPiedra Santa,
_c2004.
300 _a247 p. ;
_c22 cm.
500 _aTraducida del idioma sueco
700 1 _aValdés, Ana,
_etrad.
_964093
999 _c37118
_d37118